000 01154nam a2200265Ia 4500
003 OSt
005 20220923211146.0
006 a|||||r|||| 00| 0
007 ta
008 220922b |||||||| |||| 00| 0 hin d
020 _a818709642X (pbk)
_c120
024 _a264,675
037 _b050, 30/03/2012, Sindhi Academy,Delhi
_cTextual
040 _aARTS
_cARTS
_bhin
041 _2hin
_ahin
082 _aV2y7N23, 152Q1
100 _aलालवानी, जेठो; गोकलानी, कमला, अनु.
_9158895
245 0 _aआज़ादी का परवाना शहीद हेमू कालानी
_b सचित्र जीवन झलक
246 _aĀज़ādī kā paravānā shahīd hemū kālānī : sachitra jīvan zalaka
260 _aदिल्ली
_b सिंधी अकादमी
_c2011
300 _a183पृ.
_ccm.
650 _aविश्व-इतिहास
_9158896
942 _hV2y7N23, 152Q1
_cTEXL
_2CC
999 _c296108
_d296108